[Event "PUR-ch"]
[Site "Caguas"]
[Date "2009.07.15"]
[Round "3"]
[White "Rodriguez Santiago, Jaime"]
[Black "Santa Torres, Juan"]
[Result "0-1"]
[WhiteElo "2105"]
[BlackElo "2229"]
[PlyCount "44"]
[EventDate "2009.07.11"]
[EventType "tourn"]
[EventRounds "11"]
[EventCountry "PUR"]
[EventCategory "11"]
[SourceTitle "CBM 131 Extra"]
[Source "ChessBase"]
[SourceDate "2009.09.03"]
[SourceVersion "2"]
[SourceVersionDate "2009.09.16"]
[SourceQuality "1"]

1. d4 Nf6 2. c4 c5 3. d5 b5 4. cxb5 a6 5. bxa6 g6 6. Nc3 Bxa6 7. g3 d6 8. Bg2 Bg7 9. Nf3 0-0 10. Rb1 Nbd7 11. 0-0 Qb6 12. b3 Rfb8 13. a4 Ne8 14. Bd2 Nc7 15. Qc2 Nf6 16. Ng5 Bb7 17. e4 Ba6 18. Rfe1 Ng4 19. Bh3 Ne5 20. Bf1 h6 21. Bxa6 Nxa6 22. f4 Nb4 0-1

[Event "Olympiad-38"]
[Site "Dresden"]
[Date "2008.11.25"]
[Round "11"]
[White "Constantinou, Pavlos"]
[Black "Santa Torres, Juan"]
[Result "0-1"]
[WhiteElo "2093"]
[BlackElo "2233"]
[PlyCount "100"]
[EventDate "2008.11.13"]
[EventType "team-swiss"]
[EventRounds "11"]
[EventCountry "GER"]
[SourceTitle "CBM 128"]
[Source "ChessBase"]
[SourceDate "2009.01.28"]
[SourceVersion "1"]
[SourceVersionDate "2009.01.28"]
[SourceQuality "1"]
[WhiteTeam "Cyprus"]
[BlackTeam "Puerto Rico"]
[WhiteTeamCountry "CYP"]
[BlackTeamCountry "PUR"]

1. c4 e5 2. g3 d6 3. Bg2 f5 4. Nc3 Nf6 5. e3 Be7 6. Nge2 0-0 7. 0-0 c6 8. d4 Qe8 9. b3 Nbd7 10. Bb2 Qh5 11. Qd2 g5 12. f4 gxf4 13. exf4 e4 14. Nd1 d5 15. h3 Rf7 16. Ne3 Nf8 17. Rac1 Bd6 18. b4 Rg7 19. b5 Bd7 20. a4 Re8 21. Qe1 Qf7 22. bxc6 bxc6 23. c5 Bc7 24. Bc3 Qh5 25. Rb1 Bc8 26. Qf2 Kh8 27. Rfe1 Ng6 28. Rb2 Ne7 29. Nc1 Reg8 30. Ne2 Ba6 31. Nf1 Nd7 32. Qe3 Nf6 33. Reb1 Qh6 34. Be1 Nh5 35. Rc1 Ng6 36. Rcb1 Nf8 37. Rc1 Ne6 38. Rcc2 Bd3 39. Rd2 Ba6 40. Rdc2 Qf6 41. Rb3 Bxe2 42. Qxe2 Nhxf4 43. Qe3 Nxg2 44. Rxg2 f4 45. Qf2 Nxd4 46. Bc3 Be5 47. Qb2 Nf3+ 48. Kh1 d4 49. Ba5 fxg3 50. Qe2 Qf5 0-1

[Event "Miami op"]
[Site "Miami"]
[Date "2007.09.28"]
[Round "4"]
[White "Santa Torres, Juan"]
[Black "Pruess, David"]
[Result "0-1"]
[WhiteElo "2225"]
[BlackElo "2424"]
[PlyCount "104"]
[EventDate "2007.09.26"]
[EventType "swiss"]
[EventRounds "9"]
[EventCountry "USA"]
[SourceTitle "CBM 120 Extra"]
[Source "ChessBase"]
[SourceDate "2007.11.01"]
[SourceVersion "1"]
[SourceVersionDate "2007.11.01"]
[SourceQuality "1"]

1. d4 d5 2. c4 e6 3. Nf3 c6 4. Qc2 Nf6 5. Bg5 dxc4 6. Qxc4 b5 7. Qc2 Bb7 8. e3 Nbd7 9. Be2 a6 10. 0-0 c5 11. dxc5 Bxc5 12. Nbd2 Rc8 13. Qd3 0-0 14. Nb3 Bb6 15. Rac1 Qe7 16. Rfd1 Qb4 17. Qd6 Qxd6 18. Rxd6 Rxc1+ 19. Nxc1 Bc5 20. Rd1 Rc8 21. Nb3 Bb4 22. Rc1 Rxc1+ 23. Nxc1 Nd5 24. a3 Bf8 25. Bd8 N5b6 26. Nd2 g6 27. Nd3 Bg7 28. Be7 f5 29. Bb4 e5 30. b3 Nd5 31. Nc5 Nxc5 32. Bxc5 e4 33. Nb1 Kf7 34. Kf1 Ke6 35. Ke1 Kd7 36. Kd2 Kc6 37. Ba7 Be5 38. g3 g5 39. Bd1 Bc8 40. b4 Nf6 41. Bc5 Be6 42. Be7 Bc4 43. Bxf6 Bxf6 44. Nc3 Kd6 45. g4 Be6 46. h3 Ke5 47. Be2 Be7 48. Kc2 f4 49. Kd2 h5 50. f3 a5 51. bxa5 b4 52. axb4 Bxb4 0-1

[Event "Miami op"]
[Site "Miami"]
[Date "2007.09.27"]
[Round "3"]
[White "Santa Torres, Juan"]
[Black "Kleiman, Jake"]
[Result "1-0"]
[WhiteElo "2225"]
[BlackElo "2312"]
[PlyCount "99"]
[EventDate "2007.09.26"]
[EventType "swiss"]
[EventRounds "9"]
[EventCountry "USA"]
[SourceTitle "CBM 120 Extra"]
[Source "ChessBase"]
[SourceDate "2007.11.01"]
[SourceVersion "1"]
[SourceVersionDate "2007.11.01"]
[SourceQuality "1"]

1. d4 d5 2. c4 c6 3. Nf3 Nf6 4. e3 Bg4 5. Nbd2 e6 6. Bd3 Be7 7. 0-0 0-0 8. b3 c5 9. dxc5 Na6 10. c6 bxc6 11. Bb2 Nc5 12. Be2 a5 13. Ne5 Bxe2 14. Qxe2 Qb6 15. Bd4 Qb7 16. Rfc1 Rfc8 17. Rab1 Rab8 18. Rc2 Na6 19. Ndf3 Ne4 20. Nxf7 Nb4 21. Rcc1 c5 22. Ba1 Kxf7 23. Ne5+ Kg8 24. Qg4 Nd6 25. Qxe6+ Kh8 26. Nd7 Bf8 27. Nxf8 Rxf8 28. Qxd6 Qf7 29. Rf1 dxc4 30. bxc4 Rbc8 31. a3 Nc6 32. Qxc5 Ne7 33. Qxa5 Rxc4 34. Qd2 Ng6 35. f4 Nh4 36. Rbc1 Re4 37. Be5 Qg6 38. Rc7 Nf5 39. Rc3 h6 40. Rfc1 Kh7 41. Kh1 Qh5 42. Kg1 Qg6 43. Ra1 Ra8 44. Rf1 Qg4 45. Qf2 Qg6 46. Rfc1 Rea4 47. Re1 Rxa3 48. Rxa3 Rxa3 49. Kh1 h5 50. Kg1 1-0

[Event "Olympiad-37"]
[Site "Turin"]
[Date "2006.06.04"]
[Round "13"]
[White "Santa Torres, Juan"]
[Black "Matamoros Franco, Carlos S"]
[Result "1/2-1/2"]
[WhiteElo "2211"]
[BlackElo "2509"]
[PlyCount "107"]
[EventDate "2006.05.21"]
[EventType "team-swiss"]
[EventRounds "13"]
[EventCountry "ITA"]
[SourceTitle "CBM 113"]
[Source "ChessBase"]
[SourceDate "2006.07.31"]
[SourceVersion "1"]
[SourceVersionDate "2006.07.31"]
[SourceQuality "1"]
[WhiteTeam "Puerto Rico"]
[BlackTeam "Ecuador"]
[WhiteTeamCountry "PUR"]
[BlackTeamCountry "ECU"]

1. c4 g6 2. Nc3 Bg7 3. d4 Nf6 4. e4 d6 5. Be2 0-0 6. Bg5 Na6 7. Qd2 e5 8. d5 Qe8 9. Bd3 Nd7 10. Nge2 Ndc5 11. Bc2 Nb4 12. Nb5 Nxc2+ 13. Qxc2 Qd7 14. Be3 f5 15. f3 fxe4 16. fxe4 a6 17. Nbc3 Qg4 18. Ng3 h5 19. Rf1 h4 20. Rxf8+ Bxf8 21. Nf1 h3 22. g3 Qf3 23. Bxc5 dxc5 24. Qf2 Qxf2+ 25. Kxf2 Bd7 26. Ne3 Bh6 27. Rf1 b5 28. b3 b4 29. Na4 Bf8 30. Ke2 Bd6 31. Kd3 Kg7 32. Rf2 Re8 33. Rf3 Rh8 34. Nb2 a5 35. Kc2 Ra8 36. Na4 Rf8 37. Rxf8 Kxf8 38. Kd3 Ke7 39. Ke2 Kf6 40. Kf3 Kg5 41. Nb2 Bc8 42. Nd3 Bd7 43. Ne1 Kh5 44. Kf2 g5 45. Nf3 g4 46. Ne1 Kg5 47. Ke2 Be8 48. Nd3 Bd7 49. Nd1 a4 50. N1b2 a3 51. Nd1 Be8 52. Ne3 Bd7 53. Nf2 Bc8 54. Nd3 1/2-1/2

[Event "Olympiad-37"]
[Site "Turin"]
[Date "2006.05.24"]
[Round "4"]
[White "Byambaa, Zulzaga"]
[Black "Santa Torres, Juan"]
[Result "1/2-1/2"]
[WhiteElo "2322"]
[BlackElo "2211"]
[PlyCount "158"]
[EventDate "2006.05.21"]
[EventType "team-swiss"]
[EventRounds "13"]
[EventCountry "ITA"]
[SourceTitle "CBM 113"]
[Source "ChessBase"]
[SourceDate "2006.07.31"]
[SourceVersion "1"]
[SourceVersionDate "2006.07.31"]
[SourceQuality "1"]
[WhiteTeam "Mongolia"]
[BlackTeam "Puerto Rico"]
[WhiteTeamCountry "MGL"]
[BlackTeamCountry "PUR"]

1. e4 c5 2. Nf3 e6 3. d4 cxd4 4. Nxd4 a6 5. Nc3 Qc7 6. Bd3 Nc6 7. Be3 Nf6 8. Qe2 Bb4 9. 0-0 0-0 10. f4 Bxc3 11. bxc3 d5 12. e5 Ne4 13. Bxe4 dxe4 14. Nb3 b6 15. Qf2 Rb8 16. Nd2 Na5 17. Nxe4 Nc4 18. Bd4 Bb7 19. Ng3 Bd5 20. Nh5 Be4 21. Rae1 Bg6 22. Ng3 Qc6 23. h4 h6 24. h5 Bh7 25. Re2 Rfd8 26. Rfe1 Na3 27. f5 Nb5 28. f6 Nxc3 29. Bxc3 Qxc3 30. fxg7 Rd4 31. Rf1 Rb7 32. Re3 Qc5 33. c3 Rd3 34. Rxd3 Bxd3 35. Rd1 Qxf2+ 36. Kxf2 Bc2 37. Rd2 Bh7 38. Rd6 Kxg7 39. Ne2 Be4 40. g4 Bd5 41. a3 a5 42. Nf4 Bc4 43. Ke3 Bb3 44. Ne2 Bd5 45. Nf4 Bb3 46. Ne2 Bd5 47. Nf4 Bb3 48. Kd2 Ba4 49. Ne2 Rd7 50. Rxd7 Bxd7 51. Ke3 Ba4 52. Nd4 Bd1 53. Kf4 Kh7 54. Nb5 Be2 55. Nd6 Kg7 56. Nc8 b5 57. Nd6 Bd3 58. Ne8+ Kf8 59. Nf6 Kg7 60. Ne8+ Kf8 61. Nd6 Be2 62. Ne4 Kg7 63. Nf6 Bd1 64. Ke3 Bb3 65. Kd4 Bc4 66. a4 Be2 67. axb5 Bxb5 68. c4 Bc6 69. Kc3 Kh8 70. c5 Kg7 71. Kd4 a4 72. Kc3 Kh8 73. Kb4 Kg7 74. Ka3 Kh8 75. Kb2 Kg7 76. Ka3 Kh8 77. Kb4 Kg7 78. Ka3 Kh8 79. Kb4 Kg7 1/2-1/2

[Event "Olympiad-37"]
[Site "Turin"]
[Date "2006.05.22"]
[Round "2"]
[White "Santa Torres, Juan"]
[Black "Van Tilbury, Craig"]
[Result "1-0"]
[WhiteElo "2211"]
[BlackElo "2303"]
[PlyCount "63"]
[EventDate "2006.05.21"]
[EventType "team-swiss"]
[EventRounds "13"]
[EventCountry "ITA"]
[SourceTitle "CBM 113"]
[Source "ChessBase"]
[SourceDate "2006.07.31"]
[SourceVersion "1"]
[SourceVersionDate "2006.07.31"]
[SourceQuality "1"]
[WhiteTeam "Puerto Rico"]
[BlackTeam "British Virgin Islands"]
[WhiteTeamCountry "PUR"]
[BlackTeamCountry "IVB"]

1. d4 d5 2. Nf3 c5 3. e3 e6 4. c3 Nf6 5. Bd3 b6 6. Nbd2 Qc7 7. Ne5 a5 8. Bb5+ Nbd7 9. Qe2 Bd6 10. f4 Bb7 11. 0-0 0-0 12. Rf3 Bxe5 13. fxe5 Ne4 14. Nxe4 dxe4 15. Rh3 Bc6 16. Qh5 h6 17. Be2 Qd8 18. Rg3 Kh8 19. Bd2 f6 20. exf6 Rxf6 21. Rf1 Rxf1+ 22. Bxf1 Qe7 23. c4 Rf8 24. Bc3 Rf5 25. Qd1 Rg5 26. Rh3 Kg8 27. Be1 Rf5 28. Bh4 Qd6 29. Bg3 Qe7 30. Be2 Nf6 31. dxc5 Qxc5 32. Bd6 1-0

[Event "Olympiad-36"]
[Site "Mallorca"]
[Date "2004.10.15"]
[Round "1"]
[White "Santa Torres, Juan"]
[Black "Lie, Kjetil A"]
[Result "0-1"]
[WhiteElo "2229"]
[BlackElo "2474"]
[PlyCount "130"]
[EventDate "2004.10.15"]
[EventType "team-swiss"]
[EventRounds "14"]
[EventCountry "ESP"]
[SourceTitle "CBM 104"]
[Source "ChessBase"]
[SourceDate "2005.01.27"]
[SourceVersion "1"]
[SourceVersionDate "2005.01.27"]
[SourceQuality "1"]
[WhiteTeam "Puerto Rico"]
[BlackTeam "Norway"]
[WhiteTeamCountry "PUR"]
[BlackTeamCountry "NOR"]

1. d4 Nf6 2. c4 c5 3. Nf3 cxd4 4. Nxd4 e5 5. Nb5 d5 6. cxd5 Bc5 7. e3 0-0 8. N5c3 e4 9. Be2 Na6 10. 0-0 Re8 11. a3 Nc7 12. b4 Bd6 13. Bb2 Nfxd5 14. Nxd5 Nxd5 15. g3 Be6 16. Qd4 f6 17. Qxe4 Bf7 18. Qd3 Nb6 19. Nd2 Qe7 20. Rac1 Rad8 21. Bd4 Kh8 22. Nf3 Bb8 23. Rfd1 Nd5 24. Qc2 Qe6 25. Nh4 g6 26. Bb5 Kg7 27. Bxe8 Rxe8 28. Bb2 Ne7 29. Nf3 Qg4 30. Bxf6+ Kxf6 31. Qb2+ Ke6 32. Nd4+ Kd7 33. Qc2 Nd5 34. f3 Qg5 35. e4 Qe3+ 36. Kh1 Be5 37. Nb5 Qxf3+ 38. Qg2 Qxg2+ 39. Kxg2 a6 40. Nc3 Bxc3 41. Rxc3 Rxe4 42. Rcd3 Kc6 43. Kf3 Rc4 44. Re1 Nf6 45. Kf2 Rc2+ 46. Kg1 Bd5 47. h3 Rg2+ 48. Kf1 Rh2 49. Rc1+ Kd6 50. Rc8 Rxh3 51. Rf8 Rh1+ 52. Ke2 Rh2+ 53. Ke1 Rh1+ 54. Ke2 Rh2+ 55. Ke1 Nd7 56. Rd8 Rh5 57. Rh8 Re5+ 58. Kf2 Nf6 59. Kg1 Ke6 60. Rc8 Bc6 61. Rcd8 Ng4 62. Rd1 h5 63. R8d6+ Kf5 64. Rf1+ Kg5 65. Rc1 Re3 0-1

[Event "Capablanca Memorial Mixto 39th"]
[Site "Havana"]
[Date "2004.05.11"]
[Round "6"]
[White "Santa Torres, Juan"]
[Black "Marrero Lopez, Yaniet"]
[Result "0-1"]
[WhiteElo "2241"]
[BlackElo "2271"]
[PlyCount "106"]
[EventDate "2004.05.06"]
[EventType "tourn"]
[EventRounds "13"]
[EventCountry "CUB"]
[EventCategory "1"]
[SourceTitle "CBM 100 Extra"]
[Source "ChessBase"]
[SourceDate "2004.07.06"]
[SourceVersion "2"]
[SourceVersionDate "2004.07.06"]
[SourceQuality "1"]

1. d4 d5 2. Nf3 Nf6 3. Bf4 c5 4. c3 cxd4 5. cxd4 Nc6 6. Nc3 Bf5 7. e3 e6 8. Bd3 Bxd3 9. Qxd3 Be7 10. 0-0 0-0 11. h3 a6 12. Bg5 Rc8 13. Rac1 Na5 14. Ne5 Nc4 15. Nxc4 dxc4 16. Qe2 b5 17. a3 Qb6 18. Rfd1 Rfd8 19. Ne4 Nd5 20. Bxe7 Nxe7 21. Qc2 h6 22. Nc5 e5 23. Qe4 exd4 24. exd4 Nd5 25. Re1 Nf6 26. Qf5 Rb8 27. Rcd1 Rd5 28. Re5 Rd6 29. Qf3 Qc6 30. Qe3 Rbd8 31. g3 a5 32. Qc3 Qc7 33. Qf3 Rxd4 34. Rde1 Rd1 35. Rxd1 Rxd1+ 36. Qxd1 Qxe5 37. Qd8+ Kh7 38. Nd7 Nxd7 39. Qxd7 Qxb2 40. Qf5+ g6 41. Qxf7+ Qg7 42. Qd5 c3 43. Qc5 b4 44. axb4 axb4 45. Qc4 Qb7 46. Qb3 Kg7 47. h4 Kh7 48. Kh2 Qc7 49. h5 c2 50. Qd3 c1Q 51. Qxg6+ Kh8 52. Qf6+ Kg8 53. Qg6+ Kf8 0-1

[Event "American Continental 01st"]
[Site "Cali"]
[Date "2001.08.12"]
[Round "3"]
[White "Alzate, Dario"]
[Black "Santa Torres, Juan"]
[Result "1-0"]
[WhiteElo "2430"]
[BlackElo "2230"]
[PlyCount "63"]
[EventDate "2001.08.09"]
[EventType "swiss"]
[EventRounds "11"]
[EventCountry "COL"]
[SourceTitle "CBM 083 Extra"]
[Source "ChessBase"]
[SourceDate "2001.09.11"]
[SourceVersion "1"]
[SourceVersionDate "2001.09.11"]
[SourceQuality "1"]

1. e4 c5 2. Nf3 e6 3. d4 cxd4 4. Nxd4 Nf6 5. Nc3 d6 6. g4 a6 7. g5 Nfd7 8. Be3 b5 9. Bg2 Bb7 10. h4 Nb6 11. h5 Nc4 12. Bc1 Nd7 13. Rh3 Be7 14. b3 Ncb6 15. g6 Bf6 16. Bb2 b4 17. Nce2 Nc5 18. Ng3 hxg6 19. hxg6 Rxh3 20. gxf7+ Kxf7 21. Bxh3 Qh8 22. Qg4 Qh4 23. 0-0-0 Qxg4 24. Bxg4 Rh8 25. Nxe6 Nxe4 26. Nxe4 Bxe4 27. Bxf6 gxf6 28. Rxd6 Rh1+ 29. Kd2 Nc8 30. Nd8+ Ke7 31. Re6+ Kxd8 32. Rxe4 1-0

[Event "American Continental 01st"]
[Site "Cali"]
[Date "2001.08.10"]
[Round "1"]
[White "Dominguez Perez, Leinier"]
[Black "Santa Torres, Juan"]
[Result "1-0"]
[WhiteElo "2585"]
[BlackElo "2230"]
[PlyCount "70"]
[EventDate "2001.08.09"]
[EventType "swiss"]
[EventRounds "11"]
[EventCountry "COL"]
[SourceTitle "CBM 083 Extra"]
[Source "ChessBase"]
[SourceDate "2001.09.11"]
[SourceVersion "1"]
[SourceVersionDate "2001.09.11"]
[SourceQuality "1"]

1. e4 c5 2. Nf3 e6 3. d4 cxd4 4. Nxd4 Nf6 5. Nc3 d6 6. Be3 a6 7. g4 e5 8. Nf5 g6 9. g5 gxf5 10. exf5 d5 11. gxf6 Bb4 12. Qe2 Nc6 13. 0-0-0 Bxc3 14. bxc3 Bxf5 15. Bg2 Be6 16. f4 Qa5 17. f5 Bxf5 18. Rxd5 Qa3+ 19. Kb1 Be6 20. Qd3 Bxd5 21. Bxd5 0-0-0 22. Qf5+ Kb8 23. Bxf7 Qxc3 24. Bh6 Qb4+ 25. Bb3 a5 26. a4 Nd4 27. Qxe5+ Ka8 28. Qf4 Qb6 29. Qf2 Qb4 30. Bd2 Qa3 31. Bc1 Qb4 32. Qe1 Nxb3 33. Qxb4 axb4 34. cxb3 Rd3 35. Rf1 Rf8 1-0

[Event "Capablanca Memorial Mixto 36th"]
[Site "Havana"]
[Date "2001.05.15"]
[Round "9"]
[White "Sanchez, Victor Hugo"]
[Black "Santa Torres, Juan"]
[Result "1/2-1/2"]
[WhiteElo "2287"]
[BlackElo "2233"]
[PlyCount "80"]
[EventDate "2001.05.05"]
[EventType "tourn"]
[EventRounds "13"]
[EventCountry "CUB"]
[EventCategory "1"]
[SourceTitle "CBM 082 Extra"]
[Source "ChessBase"]
[SourceDate "2001.07.03"]
[SourceVersion "1"]
[SourceVersionDate "2001.07.03"]
[SourceQuality "1"]

1. e4 c5 2. Nf3 e6 3. d4 cxd4 4. Nxd4 a6 5. Be2 Nf6 6. Nc3 d6 7. 0-0 Qc7 8. f4 Be7 9. Be3 0-0 10. a4 Nc6 11. Kh1 Rd8 12. Bf3 Ne5 13. fxe5 dxe5 14. Nxe6 Bxe6 15. Nd5 Bxd5 16. exd5 e4 17. Bg4 Nxd5 18. Qe2 Nxe3 19. Qxe3 Qxc2 20. Bf5 Bf6 21. Bxe4 Qxb2 22. Rab1 Qd4 23. Qf3 Rab8 24. Qf5 Qe5 25. Qxh7+ Kf8 26. Bxb7 g6 27. Qh6+ Kg8 28. Rbe1 Qd6 29. Bf3 Rb4 30. Rd1 Rd4 31. Qc1 Kg7 32. Rxd4 Qxd4 33. Qc6 Rd6 34. Qe4 Qxe4 35. Bxe4 Rd4 36. Bc6 Rc4 37. Bd7 Rd4 38. Bc6 Rc4 39. Bd7 Rc7 40. Bg4 Rc4 1/2-1/2

[Event "Capablanca Memorial Mixto 36th"]
[Site "Havana"]
[Date "2001.05.06"]
[Round "2"]
[White "Santa Torres, Juan"]
[Black "Frometa Castillo, Zirka"]
[Result "1/2-1/2"]
[WhiteElo "2233"]
[BlackElo "2180"]
[PlyCount "102"]
[EventDate "2001.05.05"]
[EventType "tourn"]
[EventRounds "13"]
[EventCountry "CUB"]
[EventCategory "1"]
[SourceTitle "CBM 082 Extra"]
[Source "ChessBase"]
[SourceDate "2001.07.03"]
[SourceVersion "1"]
[SourceVersionDate "2001.07.03"]
[SourceQuality "1"]

1. d4 d5 2. c4 e6 3. Nc3 Nf6 4. Bg5 Be7 5. e3 Ne4 6. Bxe7 Qxe7 7. cxd5 Nxc3 8. bxc3 exd5 9. Qb3 c6 10. Nf3 Bf5 11. c4 dxc4 12. Bxc4 b5 13. Bd3 Bxd3 14. Qxd3 0-0 15. 0-0 Nd7 16. Rfc1 Rac8 17. Rc2 a6 18. Rac1 Qd6 19. Ng5 g6 20. Ne4 Qd5 21. Nc3 Qe6 22. Qe4 Rfe8 23. Qxe6 Rxe6 24. Nd5 Kg7 25. Nb4 Nb8 26. d5 Rd6 27. e4 a5 28. Nxc6 Nxc6 29. Rxc6 Rdxc6 30. Rxc6 Re8 31. f3 b4 32. Kf2 Rb8 33. d6 a4 34. Rc2 b3 35. axb3 axb3 36. Rb2 Kf6 37. f4 Ke6 38. e5 f6 39. exf6 Kxf6 40. Ke3 Ke6 41. Kd4 Kxd6 42. Kc4 h5 43. Rxb3 Rxb3 44. Kxb3 Kd5 45. f5 gxf5 46. Kc3 Ke4 47. Kd2 h4 48. Ke2 Kf4 49. Kf2 Kg4 50. Ke3 f4+ 51. Kf2 h3 1/2-1/2